| 000 | 00348nam a2200133 a 4500 | ||
|---|---|---|---|
| 001 | 5665 | ||
| 003 | CDMR | ||
| 005 | 20130116135311.0 | ||
| 008 | 130130s1991||||||||||||||||||||||||||||d | ||
| 040 |
_aCDMR _bcat _cCPC GIRONA |
||
| 245 | 0 |
_aXXX promoció Facultat Ciències Informació Navarra 86-91 _cVaris |
|
| 260 |
_c1991 _bUniv. de Navarra |
||
| 942 | _cMON | ||
| 999 |
_c5665 _d5665 |
||